000 00505nam a2200217Ia 4500
001 12083
003 GE_BSU
008 181216s||||||||xx |||||||||||||| ||und||
020 _a9781439812839
040 _cGE_BSU
080 _a338.48
100 _aTodd Maria,K.
245 _aMedical Tourism Facilitator's Handbook
260 _aLondon
260 _bCRC Press
260 _c2012
300 _a158p.ill.26sm.
541 _h141Gel.
653 _aMedical Tourism Facilitator's Handbook
942 _cBK
999 _c45260
_d45260